Personální řízení po transformaci českých podniků
Súčasný stav a rozvoj personálneho riadenia v českých podnikoch. Zásadné zmeny v riadení podnikových personálnych procesov. Systém personálneho riadenia. Personálna stratégia.
Salvato in:
| Autore principale: | |
|---|---|
| Natura: | Capitolo di libro |
| Lingua: | ceco |
| Soggetti: | |
| Tags: |
Nessun Tag, puoi essere il primo ad aggiungerne!!
|
MARC
| LEADER | 00000naa a2200000 4500 | ||
|---|---|---|---|
| 001 | r016695 | ||
| 005 | 20221208131034.0 | ||
| 041 | 0 | |a cze | |
| 044 | |a CZ | ||
| 245 | 1 | 0 | |a Personální řízení po transformaci českých podniků |c Jiří Stýblo |
| 520 | |a Súčasný stav a rozvoj personálneho riadenia v českých podnikoch. Zásadné zmeny v riadení podnikových personálnych procesov. Systém personálneho riadenia. Personálna stratégia. | ||
| 610 | 2 | 0 | |a práca personálna |
| 610 | 2 | 0 | |a riadenie |
| 610 | 2 | 0 | |a podnik |
| 610 | 2 | 0 | |a Česko |
| 610 | 2 | 0 | |a transformácia |
| 610 | 2 | 0 | |a manažment personálny |
| 610 | 2 | 0 | |a práca tímová |
| 610 | 2 | 0 | |a zamestnanci |
| 100 | 1 | |a Stýblo, Jiří | |